000 01404cam a2200253 4500
001 L136868
008 070228n2006 000 0 eng u
020 _a0110750470
035 _a(Sirsi) u136868
041 0 _aeng
110 2 _aUnited Kingdom
_kLaws, etc
_95044
245 0 4 _aThe Non-Domestic Rating (Alteration of Lists and Appeals) (England) (Amendment) Regulations 2006
_h[electronic resource]
260 _aLondon
_bTSO
_c2006
490 4 _aSI
_v2006, 2312
520 _aAmends the Non-Domestic Rating (Alteration of Lists and Appeals) (England) Regulations 2005, which specify the circumstances in which a rating list may be amended. In particular, they permit a ratepayer to make a proposal to the valuation officer to alter the rateable value shown in a rating list for a hereditament and for appeals to the valuation tribunal in cases where agreement cannot be reached.
590 _aKA
650 2 4 _aLOCAL GOVERNMENT FINANCE ACT 1988
650 2 4 _aNON-DOMESTIC RATING (ALTERATION OF LISTS AND APPEALS) (ENGLAND) (AMENDMENT) REGULATIONS 2006
650 2 4 _aNON-DOMESTIC RATING (ALTERATION OF LISTS AND APPEALS) (ENGLAND) REGULATIONS 2005
651 4 _aEngland
_y886-
690 _aPROPERTY-COMMERCIAL PROPERTY-COMMERCIAL PROPERTY TAXATION-BUSINESS RATES
856 4 0 _uhttps://www.opsi.gov.uk/si/si2006/20062312.htm
_zView the item free of charge at www.opsi.gov.uk...
942 _n0
999 _c106527
_d106527